Films et Séries Star Wars - Statistiques

Statistiques générales
  • Ce quiz a été pris 149 fois
  • Le résultat moyen est 15 sur 20
Statistiques - réponses
Hint Réponse % Correct
Star Wars, épisode II : L'Attaque des Clones
94%
Star Wars, épisode I : La Menace Fantôme
92%
Star Wars, épisode III : La Revanche des Sith
90%
The Mandalorian
87%
Star Wars, épisode VII : Le Réveil de la Force
86%
Star Wars Rebels
84%
Solo : A Star Wars Story
83%
Droïdes : Les Aventures de R2-D2 et C3PO
78%
Star Wars, épisode IX : L'Ascension de Skywalker
77%
Rogue One : A Star Wars Story
74%
Andor
73%
Star Wars, épisode IV : Un Nouvel Espoir
73%
Star Wars, épisode VI : Le Retour du Jedi
73%
Star Wars, épisode VIII : Les Derniers Jedi
71%
Star Wars : Visions
71%
Star Wars, épisode V : L'Empire Contre-attaque
69%
The Acolyte
69%
L'Aventure des Ewoks : La Caravane du Courage
64%
L'Histoire du fidèle Wookiee
49%
Star Wars Holiday Special
28%
Aucun quiz correspondant
Distribution des résultats
% des personnes avec chaque résultat
Percentile par nombre de réponses
Votre historique - résultats
Vous n’avez pas pris ce quiz